Loreto College Library, Kolkata
WEBOPAC (ONLINE PUBLIC ACCESS CATALOGUE)

Comparative Politics (Record no. 36243)

MARC details
000 -LEADER
fixed length control field 00634nam a2200217Ia 4500
005 - DATE AND TIME OF LATEST TRANSACTION
control field 20211027122753.0
008 - FIXED-LENGTH DATA ELEMENTS--GENERAL INFORMATION
fixed length control field 140110s9999 xx 000 0 und d
020 ## - ISBN | অাই এস বি এন
ISBN | অাই এস বি এন 9780761943730
PRICE GBP 23.99
040 ## - CATALOGING SOURCE
Original cataloging agency Loreto College
041 ## - LANGUAGE CODE
Language code English
082 ## - DDC | ডিউই
Classification number | বর্গসংখ্যা 320.3
Book Number | গ্রন্থাঙ্ক BAR
245 ## - TITLE STATEMENT | অাখ্যা বিবরণী
Title | অাখ্যা Comparative Politics
Sub title | উপঅাখ্যা explaining democratic systems
Statement of responsibility | লেখকের দায়িত্বের বিবরণ Edited by Judith Bara, Mark Pennington
260 ## - IMPRINT | প্রকাশনা ক্ষেত্র
Place of publication | প্রকাশ স্থান Los Angeles
Name of publisher | প্রকাশকের নাম Sage
Date of publication | প্রকাশ কাল 2009
300 ## - PHYSICAL DESCRIPTION |
Page / Vol. No | পৃষ্ঠা / খন্ড সংখ্যা viii,334p
504 ## - BIBLIOGRAPHY, ETC. NOTE
Bibliography, etc Includes bibliographical references and index
650 ## - SUBJECT ADDED ENTRY--TOPICAL TERM | বিষয় শিরোনাম - মূল বিষয়
Topical term | মূল বিষয় Politics
651 ## - SUBJECT ADDED ENTRY--GEOGRAPHIC NAME | বিষয় শিরোনাম - ভৌগলিক নাম
Geographic name | ভৌগলিক বিষয় Comparative Politics
700 ## - ADDED ENTRY--PERSONAL NAME | অতিরিক্ত সংলেখ - ব্
Personal name | ব্যাক্তিনাম Bara, Judith
Relator code | দায়িত্ব নির্দেশক ed.
850 ## - HOLDING INSTITUTION
Holding institution LCLIB
942 ## - ADDED ENTRY ELEMENTS (KOHA)
Koha item type Books
Holdings
Withdrawn status Lost status Source of classification Damaged status Not for loan Home library Current library Date acquired Total Checkouts Full call number Accession No. Date last seen Date checked out Price effective from Koha item type
    Dewey Decimal Classification     Loreto College Loreto College 04/11/2013 1 320.3 BAR 47658 B39207 05/05/2017 05/05/2017 04/11/2013 Books